|
|
|
|
| LEADER |
00000nab a2200000 a 4500 |
| 001 |
vtls000212495 |
| 003 |
SK-MaSNL |
| 005 |
20260304053504.0 |
| 008 |
250422c1985 xo 0 slo |
| 015 |
|
|
|a SNBRB19rr/mm-uuuuu
|
| 035 |
|
|
|a CL0222609
|
| 035 |
|
|
|a urn:nbn:sk:snk-ab5pc
|
| 035 |
|
|
|a (urnnbn)urn:nbn:sk:snk:ar-0053h1
|
| 035 |
|
|
|a (uuid)ab12c31c-fdad-4d60-9acb-8c8dce819a6e
|
| 040 |
|
|
|a SNKBUCL
|b slo
|c SNKBUCL
|e AACR2
|
| 041 |
0 |
|
|a slo
|
| 044 |
|
|
|a xo
|c SK
|
| 080 |
|
|
|a 792.021.071.1
|2 1981
|
| 080 |
|
|
|a 929 Fábry, Juraj
|2 1981
|
| 100 |
1 |
|
|a Čavojský, Ladislav,
|d 1932-2014
|4 aut
|9 101804
|
| 245 |
1 |
0 |
|a Juraj Fábry
|c Ladislav Čavojský
|
| 300 |
|
|
|b Obr. 3.
|
| 650 |
0 |
7 |
|a Fábry, Juraj
|2 snkbucl
|9 1331377
|
| 655 |
|
7 |
|a články z novín a časopisov
|2 snkbucl
|9 267496
|
| 773 |
0 |
|
|t Výtvarný život
|g Roč. 30, č. 4 (1985), s. 33
|
| 850 |
|
|
|a Slovenská národná knižnica
|
| 852 |
|
|
|a Slovenská národná knižnica
|
| 954 |
|
|
|a odborná, vedecká literatúra pôvodná (slovenská)
|2 lita
|
| 958 |
|
|
|a article27
|
| 958 |
|
|
|a BX
|
| 958 |
|
|
|a RK
|
| 958 |
|
|
|a OND
|
| 958 |
|
|
|a EUIPO
|
| 992 |
|
|
|a RBX
|
| 999 |
|
|
|c 2713607
|d 2715537
|